=LDR 00000nam 2200000 4500 =001 INLIS000000000015034 =005 20130612110321 =008 ***********************************Ind** =035 ##$$0010-061300000015034 =041 ##$$a Ind =082 ##$$a 636.508 5 =090 ##$$a 636.508 5, Ras b =100 ##$$a Rasyaf, Muhammad =245 ##$$a Bahan Makan Ungas di Indonesia, Muhammad rasyaf =260 ##$$a 1993 $b Yogyakarta =300 ##$$a 118 Hlm, Ilus, 21 Cm =650 ##$$a makanan-Ungas =850 ##$$a NBPNMAT